000 00425pab a2200157 454500
008 180718b1999 xxu||||| |||| 00| 0 eng d
100 _aVinod, M.J.
245 _aIndia-China relations: issues, events and the nature of the dialogue
260 _c1999
300 _ap.9-11
362 _a4 Dec
650 _aIndia - Foreign relations - China
650 _aInternational relations
773 _aMainstream
909 _a43314
999 _c43314
_d43314